| 000 | 00725nam a22002057a 4500 | ||
|---|---|---|---|
| 999 |
_c10827 _d10827 |
||
| 003 | AR-CdUCM | ||
| 008 | 190402b ||||| |||| 00| 0 spa d | ||
| 040 |
_aMUNICIPALIDAD PROVINCIAL DEL CUSCO _cBIBLIOTECA MUNICIPAL DEL CUSCO |
||
| 082 |
_a985.21 / _bR68 / 1935 |
||
| 100 |
_aRiva Agüero y Osma, José de la _9609 |
||
| 245 | _aEl primer alcalde de Lima, Nicolás de Ribera el viejo y su posteridad / | ||
| 260 |
_aLima : _b Libr. e Impr. Gil, _c1935. |
||
| 300 |
_a98 paginas _bIlustraciones, documentos plegables _c22 cm. |
||
| 505 | _aContenido : Historia Peruana | ||
| 650 |
_aHistoria de la conquista _91282 |
||
| 650 |
_aAlcaldes de Lima _927867 |
||
| 650 |
_aSiglo XX _98 |
||
| 942 |
_2ddc _cLIBROS |
||
| 945 | _awnts | ||